If God Was A Banker (Record no. 326116)
[ view plain ]
| 000 -LEADER | |
|---|---|
| fixed length control field | 00452nam a2200169Ia 4500 |
| 008 - FIXED-LENGTH DATA ELEMENTS--GENERAL INFORMATION | |
| fixed length control field | 230718s9999 xx 000 0 und d |
| 020 ## - INTERNATIONAL STANDARD BOOK NUMBER | |
| International Standard Book Number | 9788129111470 |
| 041 ## - LANGUAGE CODE | |
| Language code of text/sound track or separate title | eng |
| 082 ## - DEWEY DECIMAL CLASSIFICATION NUMBER | |
| Classification number | 332.1'2'0924 |
| Item number | SUB |
| 100 ## - MAIN ENTRY--PERSONAL NAME | |
| Personal name | Subramanian R. |
| 9 (RLIN) | 117783 |
| 245 ## - TITLE STATEMENT | |
| Title | If God Was A Banker |
| 260 ## - PUBLICATION, DISTRIBUTION, ETC. (IMPRINT) | |
| Date of publication, distribution, etc. | 2010 |
| Name of publisher, distributor, etc. | Rupa.Co |
| 300 ## - PHYSICAL DESCRIPTION | |
| Extent | 260 |
| 365 ## - TRADE PRICE | |
| Currency code | Rs. |
| Price amount | 195.00 |
| 700 ## - ADDED ENTRY--PERSONAL NAME | |
| Personal name | Subramanian R. |
| 9 (RLIN) | 117783 |
| 906 ## - LOCAL DATA ELEMENT F, LDF (RLIN) | |
| d | O:0119825-Oct-2010B:560929-Sep-2010 |
| c | GENRL |
| b | 48.75 |
| Withdrawn status | Lost status | Damaged status | Not for loan | Home library | Current library | Date acquired | Vendor | Budget Code | Cost, normal purchase price | Bill number | Total Checkouts | Full call number | Barcode | Date last seen | Date last checked out | Discount | Cost, replacement price | Bill Date | Koha item type | Original Barcode |
|---|---|---|---|---|---|---|---|---|---|---|---|---|---|---|---|---|---|---|---|---|
| Cummins College of Engineering for Women Pune | Cummins College of Engineering for Women Pune | 25/10/2010 | Tbs | GENRL | 146.25 | 5609 | 1 | 332.1'2'0924 | CCEP-BK-37323 | 08/08/2023 | 01/08/2023 | 48.75 | 195.00 | 29/09/2010 | Books | 037323 |